00512nam a2200133Ia 4500008004100000082001900041100002700060245010700087260003300194300001200227942001200239999001900251952010800270210430s9999 xx 000 0 und d a620.11 S5241 H aAbdulla Shariff954437 aHand book of Properties of Engineering Materials and Design Data for Machine ElementscAbdulla Shariff aIndiabDhanpat Rai &COc2009 a26.23 p cBK2ddc c565034d565034 001040708NFICaSCMEbSCMEcGENd0000-00-00l0o620.11 S5241 HpSCME-4321r2021-04-30w2021-04-30yBK